Elements: complete the name - Statistics

General Stats
  • This quiz has been taken 82 times
  • The average score is 11 of 16
Answer Stats
Hint Answer % Correct
Cop per
98%
Heli um
94%
Ir idium
84%
Ti tanium
84%
Sil ver
79%
Rado n
78%
Bar ium
75%
Th allium
71%
G adolinium
67%
E rbium
67%
Bor on
65%
Has sium
59%
T in
56%
Ce rium
37%
Ytt erbium
35%
Ne odymium
30%
No matching quizzes found
Score Distribution
Percent of People with Each Score
Percentile by Number Answered
Your Score History
You have not taken this quiz